Statistics for The Bundesliga Quiz

Click here to take the quiz!

General Stats

  • This quiz has been taken 35 times
  • The average score is 9 of 18

Answer Stats

HintAnswer% Correct
1Bayern Munich
89%
3Borussia Dortmund
86%
18Hamburger SV
66%
5Bayer Leverkusen
63%
9Borussia Monchengladbach
57%
2Schalke 04
57%
15Wolfsburg
51%
12Werder Bremen
49%
4Eintracht Frankfurt
43%
7Hoffenheim
43%
8VfB Stuttgart
40%
11Hertha Berlin
37%
6Red Bull Leipzig
37%
171. FC Koln
34%
16Mainz
34%
10FC Augsburg
26%
13Hannover 96
20%
14SC Freiburg
20%

Score Distribution

Percentile by Number Answered

Percent of People with Each Score

Your Score History

You have not taken this quiz